| 000 | 01160nac a22003137a 4500 | ||
|---|---|---|---|
| 001 | BR8201763 | ||
| 003 | BR-BrBNA | ||
| 005 | 20240105115258.0 | ||
| 008 | 230509b bl.|||m| |||| 00| 0 por d | ||
| 040 |
_aBR-BrBNA _bpor _cBiblioteca Nacional de Agricultura |
||
| 072 | _aH10 | ||
| 090 | _a1410 BR8201763 | ||
| 110 | 1 |
_aPrograma Integrado de Pesquisa Agropecuaria no Rio Grande do Sul, Porto Alegre (Brasil) _97990 |
|
| 245 | 1 | _aControle biologico das pragas do feijoeiro - 1 [Caliothrips phaseoli; Empoasca kraemeri; Agrostis ipsilon; Elasmopalpus lignosellus; Etinotia aporema; Diabrotica speciosa; Inseto; Rio Grande do Sul; Brasil] | |
| 260 | 3 |
_aPorto Alegre, RS (Brasil): _c1982. |
|
| 300 | _a1 p. | ||
| 490 |
_aPesquisa - Programa Integrado de Pesquisa Agropecuaria no Rio Grande do Sul (Brazil) _vno. 57 _x |
||
| 650 | _aFEIJAO | ||
| 650 | _aTRIPS | ||
| 650 | _aCIGARRINHA VERDE | ||
| 650 | _aLAGARTA ROSCA | ||
| 650 | _aBROCA DO COLO | ||
| 650 | _aBROCA DAS AXILAS | ||
| 650 | _aVAQUINHA | ||
| 650 | _aCONTROLE BIOLOGICO | ||
| 650 | _aRIO GRANDE DO SUL | ||
| 909 |
_a202312 _bLúcia Elande _c55 _dLúcia Elande |
||
| 942 |
_2AGRIS _n0 _cMS |
||
| 999 |
_c274036 _d274036 |
||